Speeches and legal studies...

Bibliographic Details
Main Author: Macaulay, Thomas Babington Macaulay, Baron, 1800-1859
Format: Book
Language:English
Published: New York : Sully and Kleinteich, [1900]
Series:The complete works
Subjects:

MARC

Tag First Indicator Second Indicator Subfields
LEADER 00000cam a2200000 4500
001 in00000032732
005 20151007063205.0
008 800702s1900 nyu 00000 eng d
035 |a (OCoLC)06480533 
035 |9 AAD6775AM 
040 |a TXA  |c TXA  |d UtOrBLW 
049 |a TXAM  |c [2660] 
090 |a DA530  |b .M25 1900 
092 |a 825  |b M117s 
100 1 |a Macaulay, Thomas Babington Macaulay,  |c Baron,  |d 1800-1859. 
245 1 0 |a Speeches and legal studies... 
246 3 |a Complete works of Thomas Babington Macaulay: speeches and legal studies 
264 1 |a New York :  |b Sully and Kleinteich,  |c [1900] 
264 4 |c [©1900] 
300 |a 770 pages :  |b frontispiece 
336 |a text  |b txt  |2 rdacontent 
337 |a unmediated  |b n  |2 rdamedia 
338 |a volume  |b nc  |2 rdacarrier 
490 0 |a The complete works 
651 0 |a Great Britain  |x Politics and government  |y 19th century. 
999 |a MARS 
999 f f |s b87c7520-e0f1-3cef-ad29-e987011884a4  |i 1d1b63ec-1e85-3131-be9a-7fbd8396771c  |t 0 
952 f f |p ric  |a Texas A&M University  |b Rellis Campus  |c Joint Library Facility  |d Remote Storage  |t 0  |e DA530 .M25 1900  |h Library of Congress classification  |i unmediated -- volume  |m A14801341333 
998 f f |a DA530 .M25 1900  |t 0  |l Remote Storage